[Event "XXVI Torneo Abierto de Collado"]
[Site "Collado Villalba"]
[Date "2010.08.22"]
[Round "3"]
[White "Serrano Martinez, Francisco Jos"]
[Black "Aguado Rodriguez, Guillermo"]
[Result "1-0"]
[WhiteElo "1985"]
[BlackElo "1845"]
[PlyCount "53"]
[EventDate "2010.08.20"]
[EventRounds "9"]
[EventCountry "ESP"]

1. e4 e5 2. Nf3 Nc6 3. d4 exd4 4. Bc4 Be7 5. c3 d6 6. Nxd4 Nf6 7. Qc2 O-O 8.
O-O Ne5 9. Be2 c5 10. Nf3 Qc7 11. Be3 Nfg4 12. Bf4 Nxf3+ 13. Bxf3 Ne5 14. Be2
f5 15. Bxe5 dxe5 16. Bc4+ Kh8 17. Nd2 fxe4 18. Nxe4 Bf5 19. Rad1 Rad8 20. f3
Qc6 21. Qe2 Bxe4 22. fxe4 Rxf1+ 23. Rxf1 Bf6 24. Bd5 Qd7 25. Rf5 b6 26. Qf3 Qe8
27. Rxf6 1-0

[Event "XXVI Torneo Abierto de Collado"]
[Site "Collado Villalba"]
[Date "2010.08.22"]
[Round "3"]
[White "Sanchez Millan, Eduardo"]
[Black "Valenzuela Canovas, Gabriel"]
[Result "1/2-1/2"]
[WhiteElo "1975"]
[BlackElo "1830"]
[PlyCount "85"]
[EventDate "2010.08.20"]
[EventRounds "9"]
[EventCountry "ESP"]

1. c4 b6 2. g3 Bb7 3. Nf3 g6 4. Bg2 Bg7 5. Nc3 e6 6. d4 Ne7 7. e4 d6 8. Qe2 Nd7
9. O-O O-O 10. Rd1 a6 11. Be3 h6 12. e5 d5 13. cxd5 Nxd5 14. Rac1 b5 15. h4
N7b6 16. Ne4 Nxe3 17. Qxe3 Nc4 18. Rxc4 bxc4 19. h5 g5 20. Nh2 Rb8 21. Ng4 Bxe4
22. Bxe4 Rxb2 23. Qc3 Qb8 24. Qxc4 Qb5 25. Qc3 Qe2 26. Bf3 Qc2 27. Qe3 Rb1 28.
Rxb1 Qxb1+ 29. Kh2 Qxa2 30. Be4 Rb8 31. Bg2 Qb3 32. Qe2 a5 33. Be4 Qc3 34. d5
exd5 35. Bxd5 c6 36. Bc4 Rb4 37. Ba2 Rb2 38. Qa6 Rxa2 39. Qc8+ Kh7 40. Qf5+ Kg8
41. Qc8+ Kh7 42. Qf5+ Kg8 43. Qc8+ 1/2-1/2

[Event "XXVI Torneo Abierto de Collado"]
[Site "Collado Villalba"]
[Date "2010.08.22"]
[Round "3"]
[White "De La Rosa Bretin, Adrian"]
[Black "Barahona Torrijos, Angel"]
[Result "0-1"]
[WhiteElo "1691"]
[BlackElo "1927"]
[PlyCount "56"]
[EventDate "2010.08.20"]
[EventRounds "9"]
[EventCountry "ESP"]

1. e4 e5 2. Nf3 Nc6 3. Bc4 Nf6 4. d4 exd4 5. e5 d5 6. Bb5 Ne4 7. O-O Bg4 8.
Qxd4 Bc5 9. Qa4 Bd7 10. Qb3 Be6 11. Qa4 O-O 12. Bxc6 bxc6 13. Qxc6 Rb8 14. Qa6
Bd7 15. c4 Rb6 16. Qa5 dxc4 17. Nc3 Bc6 18. Nxe4 Bb4 19. Qxa7 Bxe4 20. Bg5 Qc8
21. Bf4 Rd8 22. Rfd1 Rd3 23. e6 fxe6 24. Ne5 Ra6 25. Nxd3 Rxa7 26. Nxb4 c5 27.
f3 Bg6 28. Bg5 Rd7 0-1

[Event "XXVI Torneo Abierto de Collado"]
[Site "Collado Villalba"]
[Date "2010.08.22"]
[Round "3"]
[White "Arias Castanedo, Jacinto"]
[Black "De Dompablo Fantova, Juan"]
[Result "0-1"]
[WhiteElo "2018"]
[BlackElo "1767"]
[PlyCount "82"]
[EventDate "2010.08.20"]
[EventRounds "9"]
[EventCountry "ESP"]

1. d4 Nf6 2. Nf3 g6 3. c4 Bg7 4. Nc3 O-O 5. e4 d6 6. Be2 e5 7. O-O Nc6 8. d5
Ne7 9. Ne1 c5 10. f3 Nh5 11. Nd3 f5 12. g4 fxe4 13. fxe4 Nf6 14. Be3 Kh8 15. h3
Bd7 16. Qd2 Neg8 17. Kg2 Qc8 18. Kg3 b5 19. cxb5 Bxb5 20. Rxf6 Nxf6 21. g5 Nh5+
22. Bxh5 Bxd3 23. Bg4 Qa6 24. b3 Rf1 25. Rxf1 Bxf1 26. Ne2 c4 27. b4 Qa3 28.
Kf2 Rf8+ 29. Kg1 Bxe2 30. Bxe2 c3 31. Qc2 Qxb4 32. Kg2 a5 33. Bc1 Rb8 34. Bd3
Qd4 35. Qe2 h6 36. Bb5 Rxb5 37. Qxb5 Qxe4+ 38. Kf2 Qc2+ 39. Kf3 Qxc1 40. gxh6
Qxh6 41. Qb8+ Kh7 0-1

[Event "XXVI Torneo Abierto de Collado"]
[Site "Collado Villalba"]
[Date "2010.08.22"]
[Round "3"]
[White "Jordana Vargas, Julio"]
[Black "Fernandez Gil, Ruben Carlos"]
[Result "1-0"]
[WhiteElo "1922"]
[BlackElo "1721"]
[PlyCount "63"]
[EventDate "2010.08.20"]
[EventRounds "9"]
[EventCountry "ESP"]

1. c4 Nf6 2. Nc3 g6 3. e4 e5 4. g3 c5 5. Bg2 d6 6. Nge2 Bg7 7. O-O O-O 8. d3
Nc6 9. h3 a6 10. Be3 Rb8 11. a4 Nb4 12. f4 Qe7 13. Qd2 Bd7 14. fxe5 dxe5 15.
Bg5 Qd6 16. Nd5 Nfxd5 17. exd5 f6 18. Be3 Bf5 19. Ra3 h5 20. Kh2 Kh7 21. Be4
Bxe4 22. dxe4 Rf7 23. a5 Rbf8 24. Bf2 f5 25. Rf3 Rf6 26. exf5 Rxf5 27. Rxf5
Rxf5 28. Qe3 Nc2 29. Qb3 Nb4 30. Nc3 Qf8 31. Ne4 Rf3 32. Ng5+ 1-0

[Event "XXVI Torneo Abierto de Collado"]
[Site "Collado Villalba"]
[Date "2010.08.22"]
[Round "3"]
[White "Garcia-Sanchez Navarro, Mariano"]
[Black "Tevar Sanz, Gonzalo"]
[Result "0-1"]
[WhiteElo "1606"]
[BlackElo "1887"]
[PlyCount "68"]
[EventDate "2010.08.20"]
[EventRounds "9"]
[EventCountry "ESP"]

1. c4 Nf6 2. Nc3 e5 3. e4 Nc6 4. g3 Bc5 5. Bg2 d6 6. Nge2 Bg4 7. f3 Be6 8. d3
h6 9. a3 Qd7 10. b4 Bb6 11. Na4 Bh3 12. Nxb6 axb6 13. O-O Bxg2 14. Kxg2 Nxb4
15. Bb2 Nc6 16. g4 g5 17. Ng3 Ne7 18. d4 Ng6 19. dxe5 dxe5 20. Qc2 Qa4 21. Qc3
Rd8 22. Nf5 Qa5 23. Rf2 Qxc3 24. Bxc3 Rd3 25. Bb4 Nf4+ 26. Kg3 h5 27. Ng7+ Kd7
28. gxh5 N6xh5+ 29. Nxh5 Rxh5 30. Kg4 Ke6 31. h4 Rxh4+ 32. Kxg5 Ng6 33. Bd2 Rd8
34. f4 f6+ 0-1

[Event "XXVI Torneo Abierto de Collado"]
[Site "Collado Villalba"]
[Date "2010.08.22"]
[Round "3"]
[White "Montoya Pecurul, Marc"]
[Black "Martin Carmona, Gaston"]
[Result "0-1"]
[WhiteElo "1589"]
[BlackElo "1875"]
[PlyCount "122"]
[EventDate "2010.08.20"]
[EventRounds "9"]
[EventCountry "ESP"]

1. e4 c5 2. Nf3 d6 3. d4 cxd4 4. Nxd4 Nf6 5. Nc3 g6 6. f3 Bg7 7. Be3 O-O 8. Qd2
Nc6 9. O-O-O Bd7 10. h4 Qa5 11. Kb1 Rfc8 12. g4 Ne5 13. h5 b5 14. hxg6 fxg6 15.
Bh6 Bh8 16. Bg5 Rf8 17. Qh2 Rf7 18. Bxf6 Bxf6 19. Nd5 Bh8 20. Nb3 Nxf3 21. Nxa5
Nxh2 22. Rxh2 Bxg4 23. Be2 Be5 24. Bxg4 Bxh2 25. Be6 h5 26. Rf1 Raf8 27. Nc6
Kg7 28. Rxf7+ Rxf7 29. Bxf7 Kxf7 30. Ndxe7 h4 31. Nd5 h3 32. Ne3 Bg1 33. Ng4 g5
34. Kc1 Kg6 35. Ne7+ Kf7 36. Nf5 Ke6 37. Kd2 d5 38. Kd3 dxe4+ 39. Kxe4 h2 40.
Ng3 a5 41. c3 a4 42. a3 Kd6 43. Kd3 Kd5 44. Nh1 Kc5 45. Ne3 Bxe3 46. Kxe3 Kc4
47. Kd2 Kb3 48. Kc1 Kc4 49. Kc2 Kd5 50. Kd3 Kc5 51. Kc2 Kc4 52. Ng3 g4 53. Nh1
Kd5 54. b3 axb3+ 55. Kxb3 Ke4 56. a4 bxa4+ 57. Kxa4 g3 58. Nxg3+ Kf3 59. Nf5
h1=Q 60. Nd4+ Ke4 61. Kb4 Kd3 0-1

[Event "XXVI Torneo Abierto de Collado"]
[Site "Collado Villalba"]
[Date "2010.08.23"]
[Round "4"]
[White "Madina Yadarola, Martin"]
[Black "Moreno Ruiz, Javier"]
[Result "1/2-1/2"]
[WhiteElo "2226"]
[BlackElo "2494"]
[PlyCount "85"]
[EventDate "2010.08.20"]
[EventRounds "9"]
[EventCountry "ESP"]

1. e4 c5 2. Nf3 g6 3. c4 Nc6 4. d4 cxd4 5. Nxd4 Bg7 6. Be3 Nf6 7. Nc3 d6 8. Be2
O-O 9. O-O Bd7 10. Nc2 Rc8 11. f3 a6 12. Na4 Ne5 13. Nb6 Rc6 14. Nxd7 Nfxd7 15.
b3 Nc5 16. Qd2 Qb8 17. Rac1 Rcc8 18. Nd4 Rfd8 19. Rfd1 Nc6 20. Nxc6 bxc6 21.
Qa5 Ne6 22. f4 c5 23. Bg4 Qa8 24. Bxe6 fxe6 25. e5 Qc6 26. Rd3 Qc7 27. Qxc7
Rxc7 28. b4 Rdc8 29. bxc5 dxe5 30. fxe5 Bxe5 31. Rb1 Rc6 32. Rd7 Kf7 33. Rbb7
R6c7 34. Rdxc7 Bxc7 35. Kf2 Ke8 36. Kf3 Kd8 37. Rb1 Ke8 38. h3 Ba5 39. Rb3 Kd7
40. Rd3+ Ke8 41. Rb3 Kd7 42. Rd3+ Ke8 43. Rb3 1/2-1/2

[Event "XXVI Torneo Abierto de Collado"]
[Site "Collado Villalba"]
[Date "2010.08.23"]
[Round "4"]
[White "Iturrizaga, Eduardo"]
[Black "Alcazar Jimenez, Jesus"]
[Result "1-0"]
[WhiteElo "2614"]
[BlackElo "2287"]
[PlyCount "63"]
[EventDate "2010.08.20"]
[EventRounds "9"]
[EventCountry "ESP"]

1. Nf3 Nf6 2. c4 g6 3. Nc3 Bg7 4. e4 O-O 5. d4 d6 6. Be2 e5 7. Be3 Nc6 8. d5
Ne7 9. Nd2 a5 10. a3 c6 11. b4 axb4 12. axb4 Rxa1 13. Qxa1 b5 14. dxc6 Nxc6 15.
Nxb5 Nxb4 16. Qa4 Na6 17. Qa3 Ne8 18. O-O Bf6 19. Rd1 Bg5 20. Nf1 f5 21. exf5
gxf5 22. Nxd6 Nxd6 23. Bxg5 Qxg5 24. Qxd6 Bb7 25. Qe6+ Rf7 26. Ng3 Nc7 27. Qxe5
Re7 28. Rd8+ Kf7 29. Qh8 Ne8 30. Qxh7+ Kf6 31. Qh8+ Kf7 32. Qh5+ 1-0

[Event "XXVI Torneo Abierto de Collado"]
[Site "Collado Villalba"]
[Date "2010.08.23"]
[Round "4"]
[White "Roa Alonso, Santiago"]
[Black "Tudela Corbalan, Carlos"]
[Result "1-0"]
[WhiteElo "2454"]
[BlackElo "2209"]
[PlyCount "69"]
[EventDate "2010.08.20"]
[EventRounds "9"]
[EventCountry "ESP"]

1. d4 f5 2. c4 Nf6 3. g3 g6 4. Bg2 Bg7 5. Nc3 O-O 6. Nh3 d6 7. d5 c6 8. Nf4 g5
9. Nd3 h6 10. h4 g4 11. Nf4 Qe8 12. O-O Na6 13. e4 Nc5 14. exf5 Bxf5 15. Re1
Qd7 16. b4 e5 17. bxc5 exf4 18. Bxf4 Nh5 19. Bxd6 Bxc3 20. Re7 Qd8 21. dxc6
bxc6 22. Bxc6 Bxa1 23. Bd5+ Kh8 24. Qxa1+ Nf6 25. Bf7 Kg7 26. Be6+ Qxe7 27.
Bxe7 Bxe6 28. Qe5 Bg8 29. h5 Bh7 30. c6 Rf7 31. c7 Bg8 32. Qf5 Rxe7 33. Qg6+
Kf8 34. Qxf6+ Ke8 35. Qc6+ 1-0

[Event "XXVI Torneo Abierto de Collado"]
[Site "Collado Villalba"]
[Date "2010.08.23"]
[Round "4"]
[White "Kovacevic, Slobodan"]
[Black "Garcia Salamero, Gabriel"]
[Result "1/2-1/2"]
[WhiteElo "2392"]
[BlackElo "2157"]
[PlyCount "114"]
[EventDate "2010.08.20"]
[EventRounds "9"]
[EventCountry "ESP"]

1. d4 d5 2. Bf4 Nf6 3. e3 e6 4. Nd2 Bd6 5. Bg3 b6 6. c3 Bb7 7. Bd3 O-O 8. f4
Ne4 9. Ngf3 Nd7 10. Bh4 Qe8 11. g4 f5 12. gxf5 exf5 13. Ne5 Nxe5 14. fxe5 Be7
15. Bg3 Qg6 16. Qf3 c5 17. Bf4 c4 18. Bc2 b5 19. h4 b4 20. h5 Qe6 21. Nxe4 fxe4
22. Qg3 Bc8 23. Rg1 Rf7 24. Ba4 Bd7 25. Bxd7 Qxd7 26. cxb4 Bxb4+ 27. Kf2 c3 28.
bxc3 Bxc3 29. Rac1 Bxd4 30. Kg2 Bb6 31. Rgd1 Raf8 32. Qh3 Qxh3+ 33. Kxh3 Bxe3
34. Bxe3 Rf3+ 35. Kg2 Rxe3 36. Rxd5 Rd3 37. Rxd3 exd3 38. e6 Rd8 39. e7 Re8 40.
Rc7 d2 41. Rd7 Rxe7 42. Rxd2 Re5 43. Rd8+ Kf7 44. Rd7+ Re7 45. Rd2 Kf6 46. Kf3
g6 47. Rd6+ Ke5 48. Ra6 gxh5 49. Kg3 Kd5 50. Kh4 Kc5 51. a4 Kb4 52. Kh3 Kb3 53.
Ra5 Rd7 54. Ra6 h4 55. Ra5 Rd3+ 56. Kh2 Rd7 57. Kh3 Rd3+ 1/2-1/2

[Event "XXVI Torneo Abierto de Collado"]
[Site "Collado Villalba"]
[Date "2010.08.23"]
[Round "4"]
[White "Semprun Martinez, Fernando"]
[Black "Sanchez Jerez, Emilio Miguel"]
[Result "1/2-1/2"]
[WhiteElo "2159"]
[BlackElo "2301"]
[PlyCount "55"]
[EventDate "2010.08.20"]
[EventRounds "9"]
[EventCountry "ESP"]

1. e4 Nc6 2. Nf3 f5 3. e5 d6 4. Bb5 Bd7 5. exd6 cxd6 6. d4 e5 7. dxe5 Qa5+ 8.
Nc3 dxe5 9. O-O O-O-O 10. Bg5 Nf6 11. a3 e4 12. Nd2 Ne5 13. Nb3 Qc7 14. Nd5 Qd6
15. Bxd7+ Rxd7 16. Nxf6 gxf6 17. Qxd6 Rxd6 18. Bf4 Be7 19. f3 exf3 20. gxf3 Bd8
21. Rfd1 Rxd1+ 22. Rxd1 Bb6+ 23. Kf1 Nxf3 24. Ke2 Ne5 25. Rd6 Re8 26. Bxe5 fxe5
27. Rf6 f4 28. Nd2 1/2-1/2

[Event "XXVI Torneo Abierto de Collado"]
[Site "Collado Villalba"]
[Date "2010.08.23"]
[Round "4"]
[White "Longa Yauca, Javier"]
[Black "Solaesa Navalpotro, Luis Julio"]
[Result "0-1"]
[WhiteElo "2285"]
[BlackElo "2227"]
[PlyCount "66"]
[EventDate "2010.08.20"]
[EventRounds "9"]
[EventCountry "ESP"]

1. d4 Nf6 2. c4 e6 3. Nf3 Nc6 4. a3 d6 5. Nc3 g6 6. e4 Bg7 7. d5 exd5 8. cxd5
Ne7 9. h3 O-O 10. Be2 c6 11. O-O cxd5 12. exd5 a6 13. Qb3 Re8 14. Be3 b5 15.
Nd4 Nd7 16. Rfd1 Nc5 17. Qa2 Nf5 18. Nxf5 Bxf5 19. Bxc5 dxc5 20. Bf3 Qd6 21.
Re1 c4 22. g4 Bd3 23. Kg2 Rad8 24. Rad1 Rxe1 25. Rxe1 Qf4 26. Qa1 Be5 27. Rh1
Bxc3 28. bxc3 Be4 29. Bxe4 Qxe4+ 30. Kh2 Rxd5 31. Re1 Qf4+ 32. Kg1 Rd3 33. Re8+
Kg7 0-1

[Event "XXVI Torneo Abierto de Collado"]
[Site "Collado Villalba"]
[Date "2010.08.23"]
[Round "4"]
[White "Madurga Lopez, Ignacio"]
[Black "Ramirez Garcia, Jorge Alberto"]
[Result "0-1"]
[WhiteElo "2024"]
[BlackElo "2241"]
[PlyCount "80"]
[EventDate "2010.08.20"]
[EventRounds "9"]
[EventCountry "ESP"]

1. e4 c6 2. d4 d5 3. exd5 cxd5 4. Bd3 Nc6 5. c3 Nf6 6. Bf4 e6 7. Nf3 Bd6 8.
Bxd6 Qxd6 9. O-O O-O 10. Re1 Nd7 11. Re3 g6 12. Nbd2 f6 13. Qc2 Rf7 14. Rae1
Nf8 15. a3 Bd7 16. c4 dxc4 17. Nxc4 Qc7 18. Be4 Ne7 19. Rc3 Bc6 20. Bxc6 Nxc6
21. Ne3 Rd8 22. b4 Qf4 23. Qa4 Nxd4 24. Nxd4 Qxd4 25. Rd1 Qxc3 26. Rxd8 Qe1+
27. Nf1 a6 28. Qe8 Kg7 29. h4 h5 30. g3 Qc3 31. Qa4 Qc7 32. Rd2 e5 33. Ne3 Ne6
34. Rc2 Qd8 35. Kg2 Nd4 36. Rd2 Qd6 37. Qd1 Qc6+ 38. f3 Rc7 39. Rd3 Kf7 40. Qd2
Qxf3+ 0-1

[Event "XXVI Torneo Abierto de Collado"]
[Site "Collado Villalba"]
[Date "2010.08.23"]
[Round "4"]
[White "Sanz Castillo, Santiago"]
[Black "Vazquez Igarza, Renier"]
[Result "0-1"]
[WhiteElo "2228"]
[BlackElo "2527"]
[PlyCount "58"]
[EventDate "2010.08.20"]
[EventRounds "9"]
[EventCountry "ESP"]

1. d4 Nf6 2. c4 c6 3. Nc3 d5 4. Nf3 e6 5. e3 Nbd7 6. Qc2 Bd6 7. Be2 dxc4 8. a4
O-O 9. Nd2 e5 10. Nxc4 Bc7 11. O-O exd4 12. exd4 Nb6 13. Nxb6 axb6 14. Rd1 Ra5
15. b4 Rf5 16. b5 Re8 17. Be3 h5 18. bxc6 bxc6 19. d5 Ng4 20. d6 Bxd6 21. Bxg4
hxg4 22. Ne4 Bxh2+ 23. Kxh2 Qh4+ 24. Kg1 Rh5 25. Ng3 Qh2+ 26. Kf1 Ba6+ 27. Ke1
Rxe3+ 28. fxe3 Qxg3+ 29. Kd2 Rc5 0-1

[Event "XXVI Torneo Abierto de Collado"]
[Site "Collado Villalba"]
[Date "2010.08.23"]
[Round "4"]
[White "Starostits, Ilmars"]
[Black "Cao Armillas, Jesus"]
[Result "1-0"]
[WhiteElo "2486"]
[BlackElo "2191"]
[PlyCount "91"]
[EventDate "2010.08.20"]
[EventRounds "9"]
[EventCountry "ESP"]

1. e4 c5 2. Nc3 d6 3. g3 Nc6 4. Bg2 g6 5. f4 Bg7 6. d3 e6 7. Nf3 Nge7 8. O-O
O-O 9. Be3 Nd4 10. Bf2 e5 11. fxe5 dxe5 12. Nd5 Be6 13. c3 Nxf3+ 14. Qxf3 Rc8
15. Nf6+ Kh8 16. g4 Ng8 17. Nd5 Nh6 18. Ne3 b6 19. Bg3 f6 20. Qe2 Nf7 21. a3
Nd6 22. Rad1 Qe7 23. Bh4 Qd7 24. d4 Bb3 25. Rd3 Qb5 26. dxe5 fxe5 27. Be7 Rxf1+
28. Bxf1 Ne8 29. Qf2 Qa4 30. Bg2 Be6 31. Qh4 c4 32. Rd2 Qc6 33. Nd5 Bg8 34. g5
Rb8 35. Bh3 Rb7 36. Qf2 a5 37. Bd8 Nd6 38. Ne7 Rxe7 39. Bxe7 Nxe4 40. Bg2 Qe6
41. Bxe4 Qxe7 42. h4 Qe6 43. Qf3 h6 44. Kf2 Qe8 45. Rd6 Be6 46. gxh6 1-0

[Event "XXVI Torneo Abierto de Collado"]
[Site "Collado Villalba"]
[Date "2010.08.23"]
[Round "4"]
[White "Ponce Lopez, Miguel"]
[Black "Guerra Mendez, Jose Angel"]
[Result "0-1"]
[WhiteElo "2106"]
[BlackElo "2480"]
[PlyCount "104"]
[EventDate "2010.08.20"]
[EventRounds "9"]
[EventCountry "ESP"]

1. e4 c5 2. Nf3 d6 3. d4 cxd4 4. Nxd4 Nf6 5. Nc3 a6 6. Be2 e5 7. Nb3 Be7 8. O-O
O-O 9. Be3 Be6 10. h3 Nbd7 11. Qe1 b5 12. a3 Nb6 13. Rd1 Nc4 14. Bc1 Rc8 15.
Bd3 Qc7 16. Ne2 d5 17. f3 a5 18. Nc3 Qb6+ 19. Kh1 d4 20. Ne2 a4 21. Nd2 Ne3 22.
f4 Nxd1 23. Qxd1 Nd7 24. Nf3 f6 25. g4 Bc4 26. Rg1 Bxd3 27. cxd3 Qc6 28. Ng3
Qc2 29. Qf1 g6 30. f5 g5 31. h4 h6 32. Bd2 Qxb2 33. Rg2 Qxa3 34. hxg5 hxg5 35.
Rh2 Kf7 36. Rh7+ Ke8 37. Qh3 Rc1+ 38. Kh2 Rc2 39. Nh5 Kd8 40. Kg3 Rxd2 41. Nxd2
Qxd3+ 42. Nf3 Nc5 43. Qg2 a3 44. Ng7 Qb3 45. Rh1 Nxe4+ 46. Kh2 Rh8+ 47. Nh5 Qb2
48. Qxb2 axb2 49. Rb1 Ba3 50. Kg2 Nc3 51. Rxb2 Bxb2 52. Nxf6 d3 0-1

[Event "XXVI Torneo Abierto de Collado"]
[Site "Collado Villalba"]
[Date "2010.08.23"]
[Round "4"]
[White "Arbunic Castro, Giovanna"]
[Black "Gomez Ledo, Roberto Carlos"]
[Result "0-1"]
[WhiteElo "2081"]
[BlackElo "2445"]
[PlyCount "58"]
[EventDate "2010.08.20"]
[EventRounds "9"]
[EventCountry "ESP"]

1. e4 d6 2. d4 Nf6 3. Nc3 c6 4. a4 Qa5 5. Bd3 e5 6. Nge2 Be7 7. O-O O-O 8. h3
Nbd7 9. Be3 Re8 10. Qd2 Qc7 11. f4 b6 12. g4 exd4 13. Nxd4 Nc5 14. g5 Nfd7 15.
Be2 Bf8 16. Bf3 a5 17. Rad1 Ba6 18. Rfe1 Rad8 19. h4 Ne6 20. Qh2 Nxd4 21. Bxd4
Nc5 22. f5 Nd7 23. f6 Ne5 24. Kf2 d5 25. Bxe5 Rxe5 26. fxg7 Bxg7 27. Qg2 Rde8
28. exd5 Rxe1 29. Rxe1 Bd4+ 0-1

[Event "XXVI Torneo Abierto de Collado"]
[Site "Collado Villalba"]
[Date "2010.08.24"]
[Round "5"]
[White "Solaesa Navalpotro, Luis Julio"]
[Black "Iturrizaga, Eduardo"]
[Result "0-1"]
[WhiteElo "2227"]
[BlackElo "2614"]
[PlyCount "76"]
[EventDate "2010.08.20"]
[EventRounds "9"]
[EventCountry "ESP"]

1. d4 e6 2. c4 Nf6 3. Nf3 c5 4. d5 b5 5. dxe6 fxe6 6. cxb5 a6 7. bxa6 Bxa6 8.
g3 Nc6 9. Bg2 Be7 10. O-O O-O 11. Nc3 d5 12. b3 Qe8 13. Re1 Rd8 14. Ba3 Qh5 15.
Na4 Ne4 16. Rc1 d4 17. Nb2 Ne5 18. Qc2 Nxf2 19. Nxe5 Qxe5 20. Bf3 Qe3 21. Kg2
Rf5 22. Nd1 Nxd1 23. Rcxd1 Bb7 24. Qd3 Bxf3+ 25. exf3 Qxd3 26. Rxd3 Ra8 27. Bc1
Rxa2+ 28. Rd2 Ra6 29. b4 cxb4 30. Rxd4 Ra2+ 31. Kh3 Kf7 32. Bd2 b3 33. Bb4 Bf6
34. Rd7+ Kg6 35. Rxe6 b2 36. Rd1 Ra1 37. Ree1 Rxd1 38. Rxd1 Rb5 0-1

[Event "XXVI Torneo Abierto de Collado"]
[Site "Collado Villalba"]
[Date "2010.08.24"]
[Round "5"]
[White "Vazquez Igarza, Renier"]
[Black "Perez Gonzalez, Jose Manuel"]
[Result "1-0"]
[WhiteElo "2527"]
[BlackElo "2324"]
[PlyCount "113"]
[EventDate "2010.08.20"]
[EventRounds "9"]
[EventCountry "ESP"]

1. Nf3 Nf6 2. c4 g6 3. Nc3 Bg7 4. e4 d6 5. d4 O-O 6. Be2 e5 7. O-O Nc6 8. d5
Ne7 9. b4 a5 10. Ba3 axb4 11. Bxb4 b6 12. a4 Re8 13. Nd2 c5 14. Ba3 Rf8 15. Bb2
Ne8 16. Nb5 f5 17. Ra3 Nf6 18. exf5 Nxf5 19. Bd3 Bh6 20. Ne4 Nxe4 21. Bxe4 Nd4
22. Qd3 Bf5 23. Bxf5 Rxf5 24. Bxd4 cxd4 25. c5 bxc5 26. a5 Rxa5 27. Rxa5 Qxa5
28. Nxd6 Qc3 29. Qe4 Rf8 30. Qxe5 Bf4 31. Qe6+ Kh8 32. Ne4 Qa5 33. Qe7 Qd8 34.
Qxc5 Rf5 35. Qxd4+ Be5 36. Qd3 Bd6 37. Nxd6 Qxd6 38. Qd4+ Kg8 39. Rd1 Re5 40.
g3 Kf7 41. Kg2 h5 42. Rd3 Rf5 43. h3 Kg8 44. Qe4 Kf7 45. Qc4 Kf6 46. Qc3+ Kf7
47. Qc6 Qxc6 48. dxc6 Rc5 49. Rd6 Rc3 50. h4 Kg7 51. Kf1 Rc5 52. Ke2 g5 53.
hxg5 Rxg5 54. c7 Rc5 55. Rd7+ Kg6 56. Kd3 Rc1 57. Ke4 1-0

[Event "XXVI Torneo Abierto de Collado"]
[Site "Collado Villalba"]
[Date "2010.08.24"]
[Round "5"]
[White "Gomez Garrido, Camilo"]
[Black "Sanchez Gonzalez, Sergio"]
[Result "1-0"]
[WhiteElo "2499"]
[BlackElo "2311"]
[PlyCount "37"]
[EventDate "2010.08.20"]
[EventRounds "9"]
[EventCountry "ESP"]

1. e4 c5 2. Nf3 d6 3. d4 Nf6 4. Nc3 cxd4 5. Nxd4 e6 6. g4 h6 7. h4 a6 8. Rg1
Nfd7 9. g5 hxg5 10. Bxg5 Qc7 11. Be2 b5 12. Nxe6 Qa5 13. Nxf8 Kxf8 14. Qxd6+
Kg8 15. O-O-O Qb6 16. Qxb6 Nxb6 17. Bf6 N8d7 18. Bxg7 Rh7 19. Be5+ 1-0

[Event "XXVI Torneo Abierto de Collado"]
[Site "Collado Villalba"]
[Date "2010.08.24"]
[Round "5"]
[White "Sanchez Jerez, Emilio Miguel"]
[Black "Starostits, Ilmars"]
[Result "0-1"]
[WhiteElo "2301"]
[BlackElo "2486"]
[PlyCount "70"]
[EventDate "2010.08.20"]
[EventRounds "9"]
[EventCountry "ESP"]

1. e4 c6 2. d4 d5 3. Nd2 dxe4 4. Nxe4 Bf5 5. Ng3 Bg6 6. N1e2 e6 7. Nf4 Bd6 8.
h4 Qc7 9. Nxg6 hxg6 10. Ne4 Be7 11. g3 Nf6 12. Ng5 Qa5+ 13. c3 Qd5 14. Rg1 Nbd7
15. Bg2 Qa5 16. Qb3 O-O 17. Qxb7 Rab8 18. Qxc6 Rfc8 19. Qf3 e5 20. Bh3 exd4 21.
Bxd7 dxc3 22. bxc3 Rxc3 23. Bd2 Rxf3 24. Bxa5 Ra3 25. Bc7 Rb7 26. Be6 fxe6 27.
Be5 Ng4 28. Bf4 Rb2 29. Rg2 e5 30. Bd2 Bxg5 31. hxg5 e4 32. Rc1 Raxa2 33. Rc8+
Kf7 34. Rd8 Ne5 35. f4 Nf3+ 0-1

[Event "XXVI Torneo Abierto de Collado"]
[Site "Collado Villalba"]
[Date "2010.08.24"]
[Round "5"]
[White "Guerra Mendez, Jose Angel"]
[Black "Alcazar Jimenez, Jesus"]
[Result "1-0"]
[WhiteElo "2480"]
[BlackElo "2287"]
[PlyCount "79"]
[EventDate "2010.08.20"]
[EventRounds "9"]
[EventCountry "ESP"]

1. e4 c5 2. Nf3 e6 3. d4 cxd4 4. Nxd4 Nf6 5. Nc3 Nc6 6. Ndb5 Bb4 7. a3 Bxc3+ 8.
Nxc3 d5 9. exd5 exd5 10. Bd3 d4 11. Ne2 O-O 12. O-O h6 13. b4 a6 14. Bb2 Kh8
15. Qd2 Qd6 16. Rad1 Ng4 17. Ng3 Be6 18. Be4 Nge5 19. Bxd4 Nxd4 20. Qxd4 Qxd4
21. Rxd4 Rab8 22. f4 f5 23. fxe5 fxe4 24. Nxe4 Rxf1+ 25. Kxf1 Rf8+ 26. Ke2 Rf5
27. Nc5 Rxe5+ 28. Re4 Rxe4+ 29. Nxe4 Bd5 30. Kd3 Kh7 31. a4 Bc6 32. a5 Kg6 33.
g4 h5 34. gxh5+ Kxh5 35. Nf2 Kg5 36. Kd4 Kf5 37. c4 g5 38. Kc5 Kf4 39. Nd3+ Ke4
40. b5 1-0

[Event "XXVI Torneo Abierto de Collado"]
[Site "Collado Villalba"]
[Date "2010.08.24"]
[Round "5"]
[White "Gomez Ledo, Roberto Carlos"]
[Black "Semprun Martinez, Fernando"]
[Result "1-0"]
[WhiteElo "2445"]
[BlackElo "2159"]
[PlyCount "85"]
[EventDate "2010.08.20"]
[EventRounds "9"]
[EventCountry "ESP"]

1. d4 Nf6 2. c4 g6 3. Nf3 Bg7 4. g3 c6 5. Bg2 d5 6. cxd5 cxd5 7. Nc3 Ne4 8. Qb3
Nxc3 9. bxc3 Nc6 10. Nd2 e6 11. Ba3 Na5 12. Qc2 Bd7 13. O-O Rc8 14. Qd3 a6 15.
Rfe1 Bb5 16. Qf3 Nc4 17. Nxc4 Bxc4 18. e4 Bf8 19. Bc1 Be7 20. Bh6 dxe4 21. Qxe4
Bd5 22. Qe5 f6 23. Qe2 Bxg2 24. Kxg2 Qd5+ 25. Kg1 Kf7 26. Bd2 Rhe8 27. Reb1 b5
28. a4 Rc4 29. axb5 axb5 30. Ra5 Rb8 31. Ra7 b4 32. Bf4 Rbc8 33. cxb4 Qxd4 34.
Be3 Qe4 35. Qe1 R8c7 36. Rxc7 Rxc7 37. b5 Rb7 38. b6 Bd8 39. Rb4 Qc6 40. Qb1 h5
41. Qb3 Be7 42. Ra4 Bc5 43. Rc4 1-0

[Event "XXVI Torneo Abierto de Collado"]
[Site "Collado Villalba"]
[Date "2010.08.24"]
[Round "5"]
[White "Garcia Salamero, Gabriel"]
[Black "Samolins, Vitalijs"]
[Result "1/2-1/2"]
[WhiteElo "2157"]
[BlackElo "2408"]
[PlyCount "39"]
[EventDate "2010.08.20"]
[EventRounds "9"]
[EventCountry "ESP"]

1. e4 e5 2. Nf3 Nc6 3. Nc3 Nf6 4. a3 d5 5. exd5 Nxd5 6. Bb5 Nxc3 7. bxc3 Bd6 8.
O-O O-O 9. Re1 Qf6 10. d4 Bg4 11. Bxc6 bxc6 12. dxe5 Bxe5 13. Bg5 Qxg5 14. Nxg5
Bxd1 15. Rxe5 Bxc2 16. Rc5 Ba4 17. Ra5 Bc2 18. Rc5 Ba4 19. Ra5 Bc2 20. Rc5
1/2-1/2

[Event "XXVI Torneo Abierto de Collado"]
[Site "Collado Villalba"]
[Date "2010.08.24"]
[Round "5"]
[White "Labarta Gonzalez, Ivan B"]
[Black "Kovacevic, Slobodan"]
[Result "0-1"]
[WhiteElo "2129"]
[BlackElo "2392"]
[PlyCount "68"]
[EventDate "2010.08.20"]
[EventRounds "9"]
[EventCountry "ESP"]

1. e4 c5 2. Nc3 e6 3. g3 Nc6 4. Bg2 g6 5. d3 Bg7 6. Be3 d6 7. Qd2 Nd4 8. Nge2
Ne7 9. O-O O-O 10. Nd1 Rb8 11. Nc1 Re8 12. c3 Ndc6 13. Ne2 b6 14. d4 Ba6 15.
Re1 Rc8 16. f4 Na5 17. b3 f5 18. Nf2 fxe4 19. Nxe4 Nf5 20. Bf2 Bxe2 21. Rxe2
cxd4 22. cxd4 Nc6 23. Rc1 Nfxd4 24. Ree1 d5 25. Ng5 Qd6 26. Kh1 Rcd8 27. h4 h6
28. Nf3 Nxf3 29. Bxf3 e5 30. Rcd1 d4 31. Kh2 exf4 32. Rxe8+ Rxe8 33. Qxf4 Ne5
34. Be4 Rf8 0-1